| 000 | 00998nam a2200301 a 4500 | ||
|---|---|---|---|
| 001 | |||
| 003 | DO-SdBNP | ||
| 005 | 20220204120719.0 | ||
| 007 | 000017242 | ||
| 008 | 100322s2006 dr a000 d spa d | ||
| 020 | _a9945427008 | ||
| 040 |
_aBPMSU _bspa _cBPMSU |
||
| 082 |
_aRD862.44 _bD611p 2006 _222 |
||
| 100 | 1 |
_aDisla, Reynaldo, _d1985- |
|
| 245 | 1 | 0 |
_aPiezas para títeres / _cReynaldo Disla ; encargado de edición Amado Alexis Santana Chalas. |
| 260 |
_aSanto Domingo : _bNacional, _c2006. |
||
| 300 |
_a191 p. : _bretrs. ; _c23 cm. |
||
| 500 | _aIncluye datos biográficos del autor en la solapa de la cubierta | ||
| 590 | _6Inventariado, 2022/VM | ||
| 650 | 4 | _aTeatro dominicano | |
| 650 | 4 | _aLiteratura dominicana | |
| 700 | 1 |
_aSantana Chalas, Amado Alexis, _eeditor |
|
| 710 | 2 | _aSecretaría de Estado de Cultura (República Dominicana) | |
| 910 | _aVMateo V. | ||
| 942 |
_2ddc _cBK |
||
| 945 | _aInventariado juvenil dom / 2017 VM | ||
| 956 |
_aVMATEO _b10 _c20150423 _2BPMUS _30069 |
||
| 999 |
_c7684 _d7684 |
||